• 首页
  • 本馆介绍
  • 公告通知
  • 最新文献
  • 馆藏检索
  • 电子资源
  • 读者荐购
  • 参考咨询
  • CALIS
  • 我的图书馆
  • 登录
  • 详细信息显示
  • 放入我的书架
  • 预约/预借图书
  • 作者相关作品
  • 分类相关作品
  • 丛书相关作品
  • 出版社相关作品

书目信息

  • 表格格式
  • 工作单格式
  • 卡片格式
题名:
全球第一女CEO
    
 
作者: 闫寒 编译
分册:  
出版信息: 北京   中国商业出版社  2002.06
页数: 454页
开本: 21cm
丛书名:
单 册:
中图分类: K837.12
科图分类:
主题词: 企业家--qi ye jia--生平事迹--美国--现代
电子资源:
ISBN: 7-5044-4621-1
 
 
 
 
 
000 00959nam0 2200253 450
001 012008897386
005 20080314151756.20
010    @a7-5044-4621-1@dCNY26.80
100    @a20080314d2002 km y0chiy0120 ea
101 0  @achi@aeng
102    @aCN@b110000
105    @ay z 000yd
106    @ar
200 1  @a全球第一女CEO@Aquan qiu di yi nu CEO@e卡莉·费奥莉娜领航新惠普@f闫寒编译@Fyan han bian yi
210    @a北京@c中国商业出版社@d2002.06
215    @a454页@d21cm
330    @a本书分为“看.这个女人”、“费奥莉娜成功的七大法则”、“首先是管理者然后是女人”、“力主吞并康柏”等五篇内容,叙述了全球第一女CEO--卡莉·费奥莉娜的事迹。
517 1  @a卡莉·费奥莉娜领航新惠普@AKa Li·Fei Ao Li Na Ling Hang Xin Hui Pu
600  1 @a费奥莉娜@g(Fiorina, C.)@x生平事迹
606 0  @a企业家@Aqi ye jia@x生平事迹@y美国@z现代
690    @aK837.12@v4
701  0 @a闫寒@Ayan han@4编译
801  0 @aCN@bQSSK@c20080314
905    @b20282884-86@dK837.12@eF343@f3
    
    全球第一女CEO:卡莉·费奥莉娜领航新惠普/闫寒编译.-北京:中国商业出版社,2002.06
    454页;21cm
    
    
    ISBN 7-5044-4621-1:CNY26.80
    本书分为“看.这个女人”、“费奥莉娜成功的七大法则”、“首先是管理者然后是女人”、“力主吞并康柏”等五篇内容,叙述了全球第一女CEO--卡莉·费奥莉娜的事迹。
●
相关链接 在E读中查询图书 在当当中查询图书 在豆瓣中查询图书


正题名:全球第一女CEO     索取号:K837.12/F343         预约/预借

序号 登录号 条形码 馆藏地/架位号 状态 备注
1 282884   202828841   社科库309/309社科库 2排3列5层/ [索取号:K837.12/F343] 在馆    
2 282885   202828850   社科库309/309社科库 2排3列5层/ [索取号:K837.12/F343] 在馆    
3 282886   202828869   社科库309/309社科库 2排3列5层/ [索取号:K837.12/F343] 在馆    
河南城建学院图书馆 欢迎您!
大连网信软件有限公司© 版权所有